000
00325pab a2200145 454500
008
180718b2000 xxu||||| |||| 00| 0 eng d
100
_a
Sundaram, I. Satya
245
_a
Focus on human rights
260
_c
2000
300
_a
p.7-9
362
_a
Dec
650
_a
Human rights
773
_a
Social Welfare
909
_a
47228
999
_c
47228
_d
47228